000 00434nam a2200181Ia 4500
005 20250423100220.0
008 250422s9999 xx 000 0 und d
020 _a9781853260360
050 _aPQ 6332 .Q5/
100 _aQuixote, Don.
245 0 _aMiguel de Cervantes Saavedra /
260 _aHertfordshire :
260 _bWordsworth,
260 _c1993
300 _a765 p
650 _aEnglish fiction.
942 _cBK
999 _c32627
_d32627